Appareil génital de la femme / (Record no. 107823)

MARC details
000 -LEADER
campo de control de longitud fija 00578nam a2200169 4500
001 - NÚMERO DE CONTROL
campo de control 107823
003 - IDENTIFICADOR DE NÚMERO DE CONTROL
campo de control ES-MaACL
007 - CAMPO FIJO DE DESCRIPCIÓN FÍSICA--INFORMACIÓN GENERAL
campo de control de longitud fija t|
008 - DATOS DE LONGITUD FIJA--INFORMACIÓN GENERAL
campo de control de longitud fija 061121s1931 fr r ||||1| fre d
100 1# - ENTRADA PRINCIPAL--NOMBRE DE PERSONA
Nombre de persona Moulonguet-Doleris, P.
9 (RLIN) 83866
245 10 - MENCIÓN DEL TÍTULO
Título Appareil génital de la femme /
Mención de responsabilidad, etc. premier partie par P. Moulonguet-Doleris, S. Dobkevitch.
260 ## - PUBLICACIÓN, DISTRIBUCIÓN, ETC.
Lugar de publicación, distribución, etc. París :
Nombre del editor, distribuidor, etc. Masson et Cie,
Fecha de publicación, distribución, etc. 1931.
300 ## - DESCRIPCIÓN FÍSICA
Extensión XVI, 284 p., 2 lám :
Otras características físicas il. ;
Dimensiones 23 cm.
500 ## - NOTA GENERAL
Nota general Es el tomo II de Les diagnostiques anatomo-cliniques de P. Lecène.
700 1# - ENTRADA AGREGADA--NOMBRE PERSONAL
Nombre de persona Dobkevitch, S.
9 (RLIN) 44934
852 ## - LOCALIZACIÓN
Ubicación ES-MaACL
Número de control de estantería C-6706
Holdings
Estatus retirado Estado de pérdida Estado de daño No para préstamo Biblioteca de origen Biblioteca actual Ubicación en estantería Fecha de adquisición Fuente de adquisición Total de préstamos Signatura topográfica completa Código de barras Visto por última vez Precio de reemplazo Tipo de ítem Koha
        Biblioteca del Ateneo de Madrid Biblioteca del Ateneo de Madrid Sala Palomar 17/01/2008     C-6706 1112527 23/02/2023 23/02/2023 Libro impreso